Communist revolutions - Statistics

General Stats
  • This quiz has been taken 184 times
    166 since last reset
  • The average score is 14 of 19
Answer Stats
Hint Answer % Correct
Where the Vietcong where Vietnam
98%
The first one Russian/USSR
97%
The biggest remaining communist country China
95%
A island where the USSR stored their nukes Cuba
91%
A country that borders Cambodia, Thailand and Vietnam Laos
88%
A place where Cocaine comes out of Columbia
82%
A place where Franco Francisco rules after the civil war Spain
80%
A South East asian one although not one the Americans fought in Cambodia
79%
The grave yard of empires Afghanistan
74%
A tropical big African Country Democratic Republic of the Congo
74%
One of the last African countries to be colonised Ethiopia
74%
A European mediterranean country Greece
72%
A country with an AK-47 on its flag Mozambique
68%
A place where lots of pirates come from Somalia
68%
A country that the USSR invaded in 1940 Finland
65%
This county used to be part of South Africa Angola
63%
A ex british South East Asian colony Malaysia
54%
A racist African country that no longer exists Rhodesia
53%
A latin American country Guatemala
37%
No matching quizzes found
Score Distribution
Percent of People with Each Score
Percentile by Number Answered
Your Score History
You have not taken this quiz since the last reset